| 000 | 00662cam a2200229 4500500 | ||
|---|---|---|---|
| 005 | 20260405003841.0 | ||
| 041 | _afre | ||
| 042 | _adc | ||
| 100 | 1 | 0 |
_aEltchaninoff, Michel _eauthor |
| 245 | 0 | 0 | _aLes noces de l’ordre et du chaos |
| 260 | _c2024. | ||
| 500 | _a98 | ||
| 690 | _aAutorité | ||
| 690 | _aChaos | ||
| 690 | _aExtrême droite | ||
| 690 | _aFrance | ||
| 690 | _aLégislative | ||
| 690 | _aPolitique | ||
| 690 | _aRassemblement national | ||
| 786 | 0 | _nPhilosophie magazine | 181 | 6 | 2024-07-01 | p. 7-7 | 1951-1787 | |
| 856 | 4 | 1 | _uhttps://shs.cairn.info/magazine-philosophie-magazine-2024-6-page-7?lang=fr&redirect-ssocas=7080 |
| 999 |
_c2071443 _d2071443 |
||